000 00407nam a2200181Ia 4500
005 20240823033835.0
008 240823s9999||||xx |||||||||||||| ||und||
041 _aENGLISH
082 _A532 N1
100 _aDharmapadam A V
245 0 _aMechanics
250 _a1st
260 _c1991
_bS Viswanathan PV
500 _aTRANSFERED
650 _aMechanics
_bMechanical
942 _cBK
999 _c196782
_d196782